| 000 | 00751cam a2200277 4500 | ||
|---|---|---|---|
| 001 | B3093 | ||
| 008 | 090401t1990 xxu||||| |||| 00| 0 eng d | ||
| 035 | _a(Sirsi) u53942 | ||
| 041 | _aeng | ||
| 050 | _a333.0062 | ||
| 090 | _aRICS 1990/33AB | ||
| 110 |
_aRoyal Institution of Chartered Surveyors _94900 |
||
| 245 | _aCorporate identity : guidance to members | ||
| 260 |
_aLondon _bRoyal Institution of Chartered Surveyors _c1990 |
||
| 300 | _a1 folded leaflet (7p.) ; 30cm. | ||
| 350 | _a0 | ||
| 650 | _aADVERTISING | ||
| 650 | _aRICS BYE-LAWS | ||
| 650 | _aCHARTERED DESIGNATIONS | ||
| 650 | _aABOUT RICS-RICS MEMBERS | ||
| 650 | _aGUIDANCE NOTES | ||
| 650 | _aRICS | ||
| 650 | _aSITE BOARDS | ||
| 942 | _n0 | ||
| 948 | _c04/03/1997 | ||
| 999 |
_c93372 _d93372 |
||